Globální ekonomika na prahu roku 2026: nové výzvy pro banky, státy i trhy

S novým rokom prichádzajú taktiež nové výzvy - a to nielen pre banky a finančné inštitúcie, ale pre celé ekonomiky. Rok 2026 vstupuje do hry v znamení spomaľujúceho globálneho rastu, postupného odznievania inflačnej vlny a opatrnej normalizácie menovej politiky. Zatiaľ čo ešte pred dvoma rokmi domin...

Ausführliche Beschreibung

Gespeichert in:
Bibliographische Detailangaben
Format: Buchkapitel
Sprache:Tschechisch
Schlagworte:
Tags: Tag hinzufügen
Keine Tags, Fügen Sie das erste Tag hinzu!

MARC

LEADER 00000naa a2200000 4500
001 0315150
005 20260226090055.9
041 0 |a cze 
044 |a CZ 
245 1 0 |a Globální ekonomika na prahu roku 2026: nové výzvy pro banky, státy i trhy 
520 |a S novým rokom prichádzajú taktiež nové výzvy - a to nielen pre banky a finančné inštitúcie, ale pre celé ekonomiky. Rok 2026 vstupuje do hry v znamení spomaľujúceho globálneho rastu, postupného odznievania inflačnej vlny a opatrnej normalizácie menovej politiky. Zatiaľ čo ešte pred dvoma rokmi dominovala ekonomickým debatám otázka, ako rýchlo skrotiť infláciu, dnes sa pozornosť presúva k tomu, či svetová ekonomika zvládne pristátie bez výraznejšej recesie, finančných šokov alebo geopolitických otrasov. 
610 2 0 |a ekonomika 
610 2 0 |a inflácia 
610 2 0 |a politika menová 
610 2 0 |a geopolitika 
610 2 0 |a banky 
610 2 0 |a trh finančný 
610 2 0 |a trh práce